000 00538nam a2200217Ia 4500
003 OSt
005 20220928144153.0
006 a|||||r|||| 00| 0
007 ta
008 220927b |||||||| |||| 00| 0 eng d
024 _a63465
037 _cTextual
040 _aSDCL
_cSDCL
_beng
041 _2eng
_aeng
082 _aV2 : 19'N9, N 7
100 _aPillai
_9507281
245 0 _aIndian Foreign Policy In The 1990s
260 _c1999
942 _hV2 : 19'N9, N 7
_cTEXL
_2CC
999 _c826643
_d826643